Nicaragua: estimaciones y proyecciones de población 1950-2025 /

محفوظ في:
التفاصيل البيبلوغرافية
مؤلفون مشاركون: Centro Latinoamericano de Demografía, CELADE
التنسيق: نص
منشور في: s.l.: CELADE
الموضوعات:
الوسوم: إضافة وسم
لا توجد وسوم, كن أول من يضع وسما على هذه التسجيلة!

MARC

LEADER 00000 a a2200000 04500
001 25149
003
040
090 |a 182200  
110 |a Centro Latinoamericano de Demografía  
245 |a Nicaragua: estimaciones y proyecciones de población 1950-2025 /  |c Centro Latinoamericano de Demografía  
260 |a s.l.:   |b CELADE  
300 |a 114 p   |b **no definido**  
650 |a PROYECCIONES DE POBLACION  
650 |a MIGRACION INTERNACIONAL  
650 |a ESTADISTICAS DEMOGRAFICAS  
710 |a CELADE  
999 |c 16519  |d 16519